| 000 | 01064nam a2200337 a 4500 | ||
|---|---|---|---|
| 001 | 674600 | ||
| 003 | OSt | ||
| 005 | 20140310182704.0 | ||
| 008 | 960402s1996 txua 001 0 eng | ||
| 010 | _a 95072668 | ||
| 020 | _a0321056116 | ||
| 040 |
_aDLC _cDLC |
||
| 050 | 0 | 0 |
_aQA152 _b.L693 1996 |
| 082 |
_aM512.9 _bL61 1996 |
||
| 100 | 1 | _aMcKeague, Charles P. | |
| 245 | 1 | 0 |
_aIntermediate algebra : _cLial, Margaret L. |
| 250 | _a7th Edition | ||
| 260 |
_aUnited States of America _bHarper Collins College Publishers _cc1996. |
||
| 300 |
_a683p. _c25 cm |
||
| 500 | _aIncludes index. | ||
| 521 | _aCollege Students | ||
| 526 | _c1210L-1700L | ||
| 541 | _j1 | ||
| 541 | _j2 | ||
| 541 | _j3 | ||
| 562 | _efor circulation. 3 copies available in the collection | ||
| 650 | 0 | _aAlgebra. | |
| 906 |
_a7 _bcbc _corignew _d2 _eopcn _f19 _gy-gencatlg |
||
| 942 |
_2lcc _cBK _kM |
||
| 999 |
_c15195 _d15195 |
||